<?xml version="1.0" encoding="UTF-8"?><?xml-stylesheet type="text/xsl" href="static/style.xsl"?><OAI-PMH xmlns="http://www.openarchives.org/OAI/2.0/" xmlns:xsi="http://www.w3.org/2001/XMLSchema-instance" xsi:schemaLocation="http://www.openarchives.org/OAI/2.0/ http://www.openarchives.org/OAI/2.0/OAI-PMH.xsd"><responseDate>2026-06-29T02:40:03Z</responseDate><request verb="GetRecord" identifier="oai:docta.ucm.es:20.500.14352/122331" metadataPrefix="marc">https://docta.ucm.es/rest/oai/request</request><GetRecord><record><header><identifier>oai:docta.ucm.es:20.500.14352/122331</identifier><datestamp>2025-07-08T14:10:46Z</datestamp><setSpec>com_20.500.14352_14</setSpec><setSpec>col_20.500.14352_18</setSpec></header><metadata><record xmlns="http://www.loc.gov/MARC21/slim" xmlns:dcterms="http://purl.org/dc/terms/" xmlns:xsi="http://www.w3.org/2001/XMLSchema-instance" xmlns:doc="http://www.lyncode.com/xoai" xsi:schemaLocation="http://www.loc.gov/MARC21/slim http://www.loc.gov/standards/marcxml/schema/MARC21slim.xsd">
   <leader>00925njm 22002777a 4500</leader>
   <datafield ind2=" " ind1=" " tag="042">
      <subfield code="a">dc</subfield>
   </datafield>
   <datafield ind2=" " ind1=" " tag="720">
      <subfield code="a">Vargas Díaz-Toledo, Aurelio</subfield>
      <subfield code="e">author</subfield>
   </datafield>
   <datafield ind2=" " ind1=" " tag="720">
      <subfield code="a">Lucía Megías, José Manuel</subfield>
      <subfield code="e">author</subfield>
   </datafield>
   <datafield ind2=" " ind1=" " tag="260">
      <subfield code="c">2024</subfield>
   </datafield>
   <datafield ind2=" " ind1=" " tag="520">
      <subfield code="a">El presente libro recoge los retazos biográficos de todos aquellos portugueses que, de uno u otro modo, tuvieron contacto con Miguel de Cervantes en algún momento de su trayectoria vital. Así, es posible comprobar no solo el contacto tan cercano y la afinidad que mantuvo a lo largo de su vida con distintas personalidades originarias de Portugal, sino también el amor que Cervantes sintió hacia un país que le cautivó, como lo pone de manifiesto en su obra. El llamado «entorno portugués de Cervantes» se divide en tres bloques diferenciados: los Compañeros de cautiverio en Argel, los Compañeros de trabajo y, por último, los Amigos. El libro presenta algunos documentos inéditos de autores tan importantes como Manuel de Sousa Coutinho, alias Fr. Luis de Sousa, Diogo Rodrigues, Francisco de Aguiar, Fray Antonio Gonçalves de Torres o Antonio de Sousa, autor de la "Topographia e Historia General de Argel".</subfield>
   </datafield>
   <datafield ind1="8" ind2=" " tag="024">
      <subfield code="a">978-84-19782-60-1</subfield>
   </datafield>
   <datafield ind1="8" ind2=" " tag="024">
      <subfield code="a">https://hdl.handle.net/20.500.14352/122331</subfield>
   </datafield>
   <datafield ind1="8" ind2=" " tag="024">
      <subfield code="a">https://www.guillermoescolareditor.com/libro/cervantes-y-su-entorno-portugues_157046/</subfield>
   </datafield>
   <datafield ind1="8" ind2=" " tag="024">
      <subfield code="a">https://www.guillermoescolareditor.com/</subfield>
   </datafield>
   <datafield ind2="0" ind1="0" tag="245">
      <subfield code="a">Cervantes y su entorno portugués</subfield>
   </datafield>
</record></metadata></record></GetRecord></OAI-PMH>